000
00301nam a2200121 4500
008
230704b xxu||||| |||| 00| 0 eng d
020
_a
010546872X
082
_a
343.42
_b
HMS
245
_a
European Communities Act 1972
260
_b
Her Majesty's Stationery's Office
300
_a
37p
942
_2
ddc
_c
BK
999
_c
3662
_d
3662